000 00245 a2200109 4500
001 68534
040 _cAnchieta - Itaigara
240 1 0 _aA orquestra tintim por tintim
_l
245 1 0 _aA orquestra tintim por tintim
650 4 _aMusica
942 _cMU
999 _c68534
_d68534